000
00251nam a2200097Ia 4500
001
682834
005
20250826161426.0
008
250824s9999 xx 000 0 und d
245
0
_a
DALLAR MEYVEYE DURDU
_c
AHMED GÜNBAY YILDIZ
260
_b
TİMAŞ YAYINLARI
999
_c
682834
_d
682834